<?xml version="1.0" encoding="UTF-8"?>
<record
    xmlns:xsi="http://www.w3.org/2001/XMLSchema-instance"
    xsi:schemaLocation="http://www.loc.gov/MARC21/slim http://www.loc.gov/standards/marcxml/schema/MARC21slim.xsd"
    xmlns="http://www.loc.gov/MARC21/slim">

  <leader>00908    a2200169   4500</leader>
  <controlfield tag="005">20241116103148.0</controlfield>
  <controlfield tag="008">241116b        |||||||| |||| 00| 0 eng d</controlfield>
  <datafield tag="020" ind1=" " ind2=" ">
    <subfield code="a">9789355516343</subfield>
  </datafield>
  <datafield tag="041" ind1=" " ind2=" ">
    <subfield code="a">English</subfield>
  </datafield>
  <datafield tag="100" ind1=" " ind2=" ">
    <subfield code="a">Tyagi A.K.</subfield>
    <subfield code="9">194124</subfield>
  </datafield>
  <datafield tag="245" ind1=" " ind2=" ">
    <subfield code="a">Advanced Machine Learning</subfield>
    <subfield code="b">Fundamentals and Algorithms</subfield>
  </datafield>
  <datafield tag="260" ind1=" " ind2=" ">
    <subfield code="b">BPB Publications</subfield>
    <subfield code="c">2024</subfield>
  </datafield>
  <datafield tag="300" ind1=" " ind2=" ">
    <subfield code="a">494</subfield>
  </datafield>
  <datafield tag="520" ind1=" " ind2=" ">
    <subfield code="a">Table of Contents
Introduction to Machine Learning
Statistical Analysis
Linear Regression 
Logistic Regression 
Decision Trees
Random Forest
Rule-Based Classifiers
Na&#xEF;ve Bayesian Classifier
K-Nearest Neighbors Classifiers
Support Vector Machine
K-Means Clustering
Dimensionality Reduction
Association Rules Mining and FP Growth
Reinforcement Learning
Applications of ML Algorithms
Applications of Deep Learning
Advance Topics and Future Directions</subfield>
  </datafield>
  <datafield tag="700" ind1=" " ind2=" ">
    <subfield code="a">Tripathi K.</subfield>
    <subfield code="a">Sharma A.K.</subfield>
    <subfield code="9">209068</subfield>
  </datafield>
  <datafield tag="942" ind1=" " ind2=" ">
    <subfield code="c">BK</subfield>
  </datafield>
  <datafield tag="999" ind1=" " ind2=" ">
    <subfield code="c">359921</subfield>
    <subfield code="d">359921</subfield>
  </datafield>
  <datafield tag="952" ind1=" " ind2=" ">
    <subfield code="0">0</subfield>
    <subfield code="1">0</subfield>
    <subfield code="2">ddc</subfield>
    <subfield code="4">0</subfield>
    <subfield code="7">0</subfield>
    <subfield code="a">CCEP</subfield>
    <subfield code="b">CCEP</subfield>
    <subfield code="d">2024-11-11</subfield>
    <subfield code="e">115</subfield>
    <subfield code="g">749.25</subfield>
    <subfield code="l">1</subfield>
    <subfield code="o">006.31 TYA</subfield>
    <subfield code="p">CCEP-BK-67557</subfield>
    <subfield code="r">2026-03-23 13:43:22</subfield>
    <subfield code="s">2026-03-11</subfield>
    <subfield code="v">999.00</subfield>
    <subfield code="w">2024-11-11</subfield>
    <subfield code="y">BK</subfield>
  </datafield>
  <datafield tag="952" ind1=" " ind2=" ">
    <subfield code="0">0</subfield>
    <subfield code="1">0</subfield>
    <subfield code="2">ddc</subfield>
    <subfield code="4">0</subfield>
    <subfield code="7">0</subfield>
    <subfield code="a">CCEP</subfield>
    <subfield code="b">CCEP</subfield>
    <subfield code="d">2025-08-30</subfield>
    <subfield code="e">115</subfield>
    <subfield code="g">749.25</subfield>
    <subfield code="l">1</subfield>
    <subfield code="o">006.3 TYA</subfield>
    <subfield code="p">CCEP-BK-69296</subfield>
    <subfield code="r">2025-11-07 09:51:21</subfield>
    <subfield code="s">2025-10-29</subfield>
    <subfield code="v">999.00</subfield>
    <subfield code="w">2025-08-30</subfield>
    <subfield code="y">BK</subfield>
  </datafield>
</record>
